[Event "XIV Figueira da Foz Open 2020"]
[Site "Figueira da Foz"]
[Date "2020.10.25"]
[Round "2.1"]
[White "Garcia Dorado, Alberto"]
[Black "Grigoryan, Karen H."]
[Result "1-0"]
[WhiteElo "2181"]
[BlackElo "2658"]
[Annotator "TA"]
[PlyCount "143"]
[EventDate "2020.10.24"]
[EventType "swiss"]
[EventCountry "POR"]
[SourceTitle "playchess.com"]
[Source "ChessBase"]
[SourceQuality "1"]

{[%evp 14,143,11,10,12,8,10,8,8,3,17,3,12,0,0,0,0,0,0,-10,-5,-13,7,0,20,20,20,20,20,9,19,0,0,0,7,0,7,0,0,0,18,-18,27,4,0,0,0,0,38,0,41,46,302,290,338,91,800,795,1017,1010,939,912,856,618,612,605,589,400,600,601,592,595,588,583,575,566,536,546,823,803,741,675,29970,797,29962,29966,29965,29967,29966,29967,29972,29967,29970,29972,29975,29976,29976,29977,29977,29978,29977,29978,29978,29979,29979,29980,29981,29982,29982,29983,29983,29983,29983,29984,29984,29983,29983,29984,29988,29987,29987,29988,29988,29987,29987,29988,29989,29990,29991,29992,29992,29992]} 1. d4 d5 2. c4 Nc6 3. Nc3 Nf6 4. cxd5 Nxd5 5. e4 Nxc3 6. bxc3 e5 7. d5 Nb8 {[%cal Bc6b8,Bb8d7,Bd7c5][%mdl 32]} 8. Nf3 Bd6 {D07: Queen's Gambit: Chigorin Defence.} 9. Bd3 O-O 10. O-O Nd7 {The position is equal.} 11. Be3 Qe7 12. Nd2 Nc5 13. Bc2 {[#]} b6 $146 ({Predecessor:} 13... Bd7 14. Nb3 b6 15. Qd2 a5 16. Rfe1 Rad8 17. Nxc5 Bxc5 18. Bxc5 Qxc5 19. Qe3 Qxe3 20. Rxe3 {½-½ (51) Malisauskas,V (2436)-Kalvaitis,S (2263) Vilnius 2014}) 14. Nc4 Ba6 15. Nxd6 cxd6 ({Avoid the trap} 15... Bxf1 $2 16. Nf5 $18) 16. Re1 Rac8 17. a4 {[%cal Ba2a4,Ba4a5][%mdl 32]} Bc4 18. a5 b5 19. Bc1 Kh8 20. Re3 f6 21. Ba3 Qf7 22. g4 Qg6 23. Kh1 Kg8 24. h3 Kf7 25. Rc1 Rh8 26. Qf3 h5 {...hxg4 is the strong threat.} 27. g5 Ke7 28. gxf6+ Qxf6 29. Qxf6+ gxf6 ({Much weaker is} 29... Kxf6 $6 30. Rf3+ Ke7 31. Rg1 $16) 30. Rg1 {Black must now prevent Rg7+.} Rh7 31. Reg3 Kf7 32. h4 Bb3 $2 {[%mdl 8192] White stays focused until the end.} ({Black should play} 32... Be2 $14) 33. Bxb3 $18 Nxb3 {[#]} 34. Bxd6 $2 (34. Rb1 $1 $18) 34... Nxa5 $2 {[%mdl 8192] [#]} (34... Nd2 $16 35. f3 Nc4) 35. Ra1 $1 Nb7 36. Rxa7 Ke8 37. Bb4 {Threatening mate with Rg8+.} Rcc7 38. Rg8+ Kf7 39. Raa8 {[%csl Gb4,Gg8][%cal Ra8f8]} Rg7 40. Rgf8+ Kg6 {[#]} 41. Ra6 $1 Rgf7 42. Rxf7 Kxf7 {[%mdl 4096] Endgame KRB-KRN} 43. Rc6 Rd7 44. Rb6 Rc7 45. Rxb5 f5 46. d6 Rd7 47. Rxe5 fxe4 48. Rxe4 (48. Re7+ $142 Rxe7 49. dxe7 Ke8 50. Kg2 Kd7 51. c4 e3 52. fxe3 Ke8 53. Kg3) 48... Nd8 49. Re7+ {White mates.} Rxe7 50. dxe7 {KB-KN} Ne6 51. Kg2 Ng7 52. Kg3 Nf5+ 53. Kf4 Nxh4 {[#]} 54. Kg5 $1 Ng2 55. Kxh5 Nf4+ 56. Kg4 Nd5 57. Kf5 Nb6 58. Ke5 Nd7+ 59. Kd6 Nf6 60. c4 Ke8 61. f3 Ng8 62. Kc6 Nh6 63. Bd6 Nf5 64. f4 Nd4+ 65. Kd5 Nc2 66. Bc5 Ne1 67. Ke4 Nc2 68. f5 Na1 69. f6 Nb3 70. Bb4 Nc1 71. c5 {[%cal Bc4c5,Bc5c6][%mdl 32]} Ne2 72. c6 {Av CentiPawn Loss W=-28/B=-59. Weighted=-24/-74} 1-0

[Event "XIV Figueira da Foz Open 2020"]
[Site "Figueira da Foz"]
[Date "2020.10.25"]
[Round "2.2"]
[White "Janik, Igor"]
[Black "Santos, Jose Guilherme B Lim"]
[Result "1/2-1/2"]
[WhiteElo "2489"]
[BlackElo "2229"]
[Annotator "TA"]
[PlyCount "77"]
[EventDate "2020.10.24"]
[EventType "swiss"]
[EventCountry "POR"]
[SourceTitle "playchess.com"]
[Source "ChessBase"]
[SourceQuality "1"]

{[%evp 14,77,23,14,53,29,37,27,26,22,24,17,26,1,8,12,25,-12,-3,0,0,-22,-25,-26,-22,-23,0,-48,0,-32,-34,-37,0,-10,-13,-23,-2,-26,-29,-34,-28,-29,-28,-27,-27,-29,-29,-29,-25,-28,0,0,0,0,0,0,0,0,0,0,0,0,0,0,0,0]} 1. d4 Nf6 2. c4 e6 3. Nf3 Bb4+ 4. Nbd2 b6 5. g3 Bb7 6. Bg2 O-O 7. O-O Bxd2 8. Bxd2 {[#]} Qc8 $146 {E16: Queen's Indian: 4 g3 Bb7 5 Bg2 Bb4+.} ({Predecessor:} 8... d6 9. Rc1 Nbd7 10. Qa4 a5 11. Rfd1 Qe7 12. Bg5 h6 13. Bxf6 Nxf6 14. c5 Bd5 15. cxb6 cxb6 16. Ne1 Bxg2 17. Nxg2 Rac8 18. Qb5 Qb7 19. Nf4 Qe4 20. Qd3 Qb7 21. Qb5 Qe4 22. Qd3 Qb7 23. Qb5 {½-½ (23) Molner,M (2506)-Akobian,V (2625) ICC INT 2013}) 9. b4 d6 10. Qb3 Nbd7 {White has an edge.} 11. Rfd1 Re8 12. Rac1 c5 13. Bg5 h6 14. Be3 Ng4 15. Bf4 e5 16. dxe5 dxe5 17. Bd2 e4 18. Nh4 e3 19. Bxe3 $1 Nxe3 20. fxe3 (20. Bxb7 {feels hotter.} Qxb7 21. fxe3 g6 22. Ng2 cxb4 23. Qxb4 Nc5 24. Nf4) 20... cxb4 21. Qxb4 Nc5 22. Bxb7 Qxb7 23. Rd5 g6 24. Ng2 {[#] Strongly threatening Rxc5.} ({Avoid the trap} 24. Rxc5 $2 Qe7 $19) 24... Qc7 25. Qb2 Re4 26. Rd4 Qe5 {[%mdl 1024] Black has compensation.} 27. Qd2 Re8 28. Rf1 Kg7 29. Rd5 Qe7 30. Qc3+ Kg8 31. Rf4 Na4 32. Qd2 {[#] Rd7 is the strong threat.The position is equal.} (32. Qc2 {seems wilder.} Nc5 33. Qc3) 32... Rxf4 33. gxf4 Nc5 34. Qd4 Ne6 35. Qc3 Nc5 36. Re5 Qd7 37. Rxe8+ Qxe8 38. Qd4 Qe6 39. Qd8+ {Av CentiPawn Loss W=-8/B=-8. Weighted=-7/-6} 1/2-1/2

[Event "XIV Figueira da Foz Open 2020"]
[Site "Figueira da Foz"]
[Date "2020.10.25"]
[Round "2.3"]
[White "Margarido, Jose Miguel Teixeira"]
[Black "Batsiashvili, Nino"]
[Result "0-1"]
[WhiteElo "2138"]
[BlackElo "2467"]
[Annotator "TA"]
[PlyCount "98"]
[EventDate "2020.10.24"]
[EventType "swiss"]
[EventCountry "POR"]
[SourceTitle "playchess.com"]
[Source "ChessBase"]
[SourceQuality "1"]

{[%evp 11,98,12,32,30,29,24,58,65,57,51,57,40,31,27,46,26,20,22,31,26,29,20,20,23,19,19,38,19,33,33,24,25,35,14,35,0,0,0,0,0,0,0,0,0,4,4,6,-31,-22,-65,-77,-75,-75,-79,-71,-112,-97,-71,-76,-69,-90,-285,-212,-173,-183,-724,-683,-695,-691,-553,-565,-1568,-1374,-1908,-1899,-2267,-2115,-12841,-12841,-12842,-12843,-12843,-12843,-12843,-12843,-12845,-12845,-12845,-12846]} 1. d4 Nf6 2. c4 e6 3. Nf3 d5 4. g3 dxc4 5. Bg2 Bb4+ 6. Bd2 a5 7. Qc2 {E04: Open Catalan: 5 Nf3.} c5 8. Qxc4 {[#]} Nc6 $146 {[%cal Rc5d4]} ({Predecessor:} 8... Bxd2+ 9. Nbxd2 cxd4 10. Qxd4 Qe7 11. Nc4 O-O 12. Qd6 Qxd6 13. Nxd6 Ra6 14. Rd1 Rd8 15. Nxc8 Rxc8 {½-½ (110) Zifroni,D (2442)-Galburd,Y (2397) Israel 2019}) 9. dxc5 {White is slightly better.} Qd5 10. Qxd5 exd5 11. Bxb4 axb4 12. Nbd2 Be6 13. Nb3 Ke7 14. O-O Ra6 15. a3 bxa3 16. Rxa3 Rxa3 17. bxa3 Ra8 18. Ra1 Ra4 19. e3 Ne4 20. Bf1 Na5 21. Nfd4 Bd7 22. f3 Nc3 23. c6 Nxc6 24. Nc5 Ra7 25. Nxd7 {[#] Black must now prevent Nb6.} Kxd7 26. Nb5 Nxb5 27. Bxb5 $11 {[%mdl 4096] Endgame KRB-KRN} Kd6 28. a4 Ra5 29. Kf2 Na7 30. Bd3 b5 {[%cal Bb7b5,Bb5b4,Bb4b3][%mdl 32]} 31. Bc2 Nc6 32. Bb3 f5 33. f4 b4 34. Rc1 {[#]} Rc5 $1 {[%cal Rc5c1]} 35. Rxc5 Kxc5 $17 {KB-KN} 36. Ke2 $2 {This costs White the game.} (36. h3 $17) 36... Na5 $19 37. Bc2 g6 38. Kd3 $2 (38. Bd3) 38... b3 {Black is clearly winning.} 39. Bb1 Kb4 40. Kd4 Nc4 {Threatens to win with ...Na3.} 41. h4 h5 42. a5 Kxa5 43. Bd3 Kb4 44. Kxd5 Nxe3+ 45. Ke5 Kc3 46. Bb1 Nc4+ 47. Kf6 Nd2 48. Kxg6 Nxb1 49. Kxh5 b2 {Av CentiPawn Loss W=-85/B=-12. Weighted=-64/-13} 0-1

[Event "XIV Figueira da Foz Open 2020"]
[Site "Figueira da Foz"]
[Date "2020.10.25"]
[Round "2.4"]
[White "Stella, Andrea"]
[Black "Fernandes, Miguel A. Murtinho"]
[Result "1/2-1/2"]
[WhiteElo "2457"]
[BlackElo "2139"]
[Annotator "TA"]
[PlyCount "46"]
[EventDate "2020.10.24"]
[EventType "swiss"]
[EventCountry "POR"]
[SourceTitle "playchess.com"]
[Source "ChessBase"]
[SourceQuality "1"]

{[%evp 9,46,11,28,8,6,6,12,0,25,20,17,18,24,0,0,0,0,0,0,0,0,0,0,-10,0,0,0,0,0,0,9,2,2,2,7,10,7,0,0]} 1. d4 d5 2. c4 c6 3. Nf3 Nf6 4. Qc2 g6 5. e3 Bf5 6. Qb3 {D11: Slav Defence: 3 Nf3 sidelines and 3...Nf6 4 e3 Bg4.} Qb6 7. Nc3 {[%cal Rc4d5]} Na6 8. Bd2 {[#]} Bg7 $146 ({Predecessor:} 8... Qxb3 9. axb3 Nb4 10. Ra4 e6 11. Ne5 Nd7 12. c5 a5 13. Nxd7 Kxd7 14. f3 Bc2 {1-0 (48) Martinez Duany,L (2457)-Silva,M (2111) Porto 2013}) 9. Qxb6 axb6 10. cxd5 Nb4 {[#] ...Nc2+ is the strong threat.} 11. Rc1 Nbxd5 {The position is equal.} 12. Nxd5 Nxd5 13. Bc4 O-O 14. Bxd5 cxd5 15. a3 Rfc8 16. Ke2 Bg4 17. Bb4 e5 18. dxe5 Bxe5 19. b3 Bb2 $132 {[%mdl 2048] Black is fighting back} 20. Rxc8+ Rxc8 21. Rd1 Rc2+ 22. Rd2 Bf5 23. Nd4 Bxd4 {Not much happened in this game. Av CentiPawn Loss W=-4/B=-3. Weighted=-4/-3} 1/2-1/2

[Event "XIV Figueira da Foz Open 2020"]
[Site "Figueira da Foz"]
[Date "2020.10.25"]
[Round "2.5"]
[White "Dantas, Carlos"]
[Black "Taboas Rodriguez, Daniel"]
[Result "0-1"]
[WhiteElo "2126"]
[BlackElo "2365"]
[Annotator "TA"]
[PlyCount "78"]
[EventDate "2020.10.24"]
[EventType "swiss"]
[EventCountry "POR"]
[SourceTitle "playchess.com"]
[Source "ChessBase"]
[SourceQuality "1"]

{[%evp 14,78,9,10,0,-20,10,10,10,11,37,26,34,4,12,1,10,-27,0,-14,-10,-16,-5,-14,0,-6,0,0,0,0,0,0,6,8,0,0,0,0,0,0,0,0,0,-14,-12,-12,-12,-14,-10,-12,-10,-10,-14,-140,-160,-287,-285,-278,-258,-298,-251,-670,-666,-656,-654,-641,-622]} 1. d4 Nf6 2. Bg5 Ne4 3. Bf4 d5 4. e3 Bf5 5. Bd3 e6 6. Nd2 Nxd2 7. Qxd2 Bxd3 8. Qxd3 c5 {A45: Trompowsky Attack.} 9. dxc5 Qa5+ 10. c3 Qxc5 {The position is equal.} 11. Nf3 Nc6 12. O-O Be7 {[#]} 13. e4 $146 ({Predecessor:} 13. b4 Qb6 14. a4 a6 15. b5 axb5 16. Qxb5 Qxb5 17. axb5 Rxa1 18. Rxa1 Nd8 19. Ra7 {1-0 (35) Matt,F (2329)-Bezemer,A (2248) Bregenz 2016}) 13... Rd8 14. Rad1 O-O 15. Rfe1 a6 16. Be3 Qa5 17. a3 dxe4 18. Qxe4 Qb5 19. Qc2 Bf6 20. a4 Qa5 21. Qb3 {[#] And now Bb6 would win.} b5 22. axb5 Qxb5 23. Qxb5 axb5 24. Bc5 Rfe8 25. g3 h5 26. h4 Kh7 27. Kg2 Kg6 28. Rd6 Rxd6 29. Bxd6 Ra8 30. Bc5 Ra2 31. Rb1 Kf5 32. Ba3 Na5 33. Bb4 (33. Nd2 $1 $11 {remains equal.}) 33... Nc4 $17 34. Bc5 (34. Ba3 $17 {was the only defense.}) 34... Rxb2 $19 35. Rc1 e5 36. Kf1 Kg4 37. Ng1 $2 (37. Kg2) 37... Nd2+ {Black is clearly winning.} 38. Kg2 Nb3 {[%mdl 64] [#] Double Attack} 39. Ba3 Ra2 {Av CentiPawn Loss W=-27/B=-6. Weighted=-34/-6} 0-1

[Event "XIV Figueira da Foz Open 2020"]
[Site "Figueira da Foz"]
[Date "2020.10.25"]
[Round "2.6"]
[White "Djuric, Stefan"]
[Black "Tadevosyan, Aspet"]
[Result "1-0"]
[WhiteElo "2358"]
[BlackElo "2136"]
[Annotator "TA"]
[PlyCount "61"]
[EventDate "2020.10.24"]
[EventType "swiss"]
[EventCountry "POR"]
[SourceTitle "playchess.com"]
[Source "ChessBase"]
[SourceQuality "1"]

{[%evp 21,61,0,0,-3,0,0,22,21,39,35,43,30,111,109,114,116,112,114,484,520,559,550,558,558,540,537,611,590,605,596,605,589,557,419,1242,1227,2633,5189,2240,2238,5285,3614]} 1. d4 Nf6 2. c4 e6 3. Nc3 Bb4 4. e3 O-O 5. Bd3 d5 6. Nf3 c5 7. O-O cxd4 8. exd4 dxc4 9. Bxc4 b6 10. Bg5 Bb7 11. Rc1 Nbd7 12. a3 {E54: Nimzo-Indian: Rubinstein: Main Line: 7...dxc4 8 Bxc4.} Be7 13. Qe2 {[#]} Re8 $146 ({Predecessor:} 13... a6 14. Rfd1 b5 15. Ba2 Nb6 16. Ne5 Nbd5 17. Nxd5 Nxd5 18. Bxe7 Qxe7 19. Nc6 Bxc6 20. Rxc6 Rfd8 21. g3 {½-½ (21) Tsuboi,E (2345)-De Souza,M (2397) Sao Paulo 2005}) 14. Rfe1 {The position is equal.} Rc8 15. Bb5 Nd5 16. Nxd5 Bxg5 (16... Bxd5 $11 {keeps the balance.} 17. Bf4 Rxc1 18. Rxc1 Rf8) 17. Rxc8 $16 Bxc8 18. Nxg5 Qxg5 {[#]} 19. Nc7 $1 $36 {[%cal Rc7e8][%mdl 2048] Black is under strong pressure.} Bb7 $2 {[%mdl 8192]} (19... Rf8 $16) 20. f4 $18 Qd8 21. Nxe8 Qxe8 {[#]} 22. f5 $1 Bd5 (22... exf5 23. Qxe8+) 23. Rc1 Qd8 24. Bxd7 Qxd7 {[%mdl 4096] Endgame [#] KQR-KQB} 25. Qb5 $3 {[%mdl 512]} Qd8 (25... Qxb5 26. Rc8+) 26. Qa6 Bc6 27. Qc4 Bb7 (27... Bd7 $142 28. Qc7 Qe7 29. Qb8+ Qf8 30. Qxa7 Qd6 31. Qa8+ Qf8 32. fxe6 fxe6) 28. fxe6 {White is clearly winning.} fxe6 29. Qxe6+ Kh8 30. Qe5 Qf8 31. Rf1 {Black got outplayed after the opening. Av CentiPawn Loss W=68/B=-24. Weighted=-16/-102} 1-0

[Event "XIV Figueira da Foz Open 2020"]
[Site "Figueira da Foz"]
[Date "2020.10.25"]
[Round "2.7"]
[White "Dias, Paulo"]
[Black "Santos, Antonio P"]
[Result "1-0"]
[WhiteElo "2338"]
[BlackElo "2123"]
[Annotator "TA"]
[PlyCount "81"]
[EventDate "2020.10.24"]
[EventType "swiss"]
[EventCountry "POR"]
[SourceTitle "playchess.com"]
[Source "ChessBase"]
[SourceQuality "1"]

{[%evp 22,81,28,31,39,53,31,50,45,35,77,72,76,81,52,73,79,67,76,76,108,112,115,115,122,112,116,114,139,108,214,172,210,216,234,207,290,247,268,260,272,251,273,250,584,547,533,516,566,562,29978,29979,29939,12655,5506,5402,29986,29987,29990,29990,29992,29993]} 1. d4 Nf6 2. c4 g6 3. g3 Bg7 4. Bg2 O-O 5. Nc3 c5 6. Nf3 cxd4 7. Nxd4 Nc6 8. O-O Nxd4 9. Qxd4 d6 10. Qd3 a6 11. Bd2 Rb8 12. Rac1 b5 {A39: Symmetrical English vs ...g6: 4 Bg2 Bg7 5 Nf3 Nf6 6 0-0 0-0 7 d4.} 13. cxb5 axb5 14. Nxb5 Bf5 {White is slightly better.} 15. e4 Nxe4 16. Bxe4 Bxe4 17. Qxe4 {[#] Black must now prevent Qb4.} Rxb5 18. b4 Qa8 {[#]} 19. Qxa8 $146 ({Predecessor:} 19. Qc2 Qa3 20. Rfe1 e5 21. Re3 Qa8 22. a4 Rbb8 23. a5 d5 24. Rb3 Rb5 25. Qc6 Qxc6 26. Rxc6 {1-0 (33) Ramirez Alvarez,A (2568)-Vazquez,G (2436) chess.com INT 2018}) 19... Rxa8 {[#]} 20. a4 $1 {[%cal Ra4b5][%mdl 512]} Rd5 (20... Rxa4 21. Rc8+) 21. Rc2 f5 ({And not} 21... Rxa4 22. Rc8+ Bf8 23. Bh6 Ra8 24. Rxa8 Kh8 25. Rxf8#) 22. a5 Kf7 23. Rb1 {And now b5 would win.} Rb5 {With the idea ...Raxa5!} 24. Rbc1 Bd4 25. Rc8 Ra6 (25... Rxc8 $16 {keeps fighting.} 26. Rxc8 Ke6) 26. R1c7 Ke6 27. Kf1 Bf6 28. Ke2 Kd5 (28... g5 $142 29. f4 gxf4) 29. f4 Ke4 30. Rc4+ Kd5 31. Kd3 e5 32. fxe5 dxe5 $2 (32... Bxe5 {is more resistant.} 33. R4c7 f4 34. gxf4 Bxf4) 33. R4c5+ $18 Rxc5 34. Rxc5+ {[%mdl 4096] Endgame KRB-KRB} Kd6 35. Kc4 Rc6 36. Rxc6+ Kxc6 37. b5+ {[%cal Bb4b5,Bb5b6][%mdl 32]} Kc7 38. a6 Be7 39. Kd5 {White mates.} e4 40. Bf4+ Kc8 41. b6 {White took control after the opening. Av CentiPawn Loss W=-45/B=158. Weighted=-29/49} 1-0

[Event "XIV Figueira da Foz Open 2020"]
[Site "Figueira da Foz"]
[Date "2020.10.25"]
[Round "2.8"]
[White "Pintor, Simao Maciel Abranch"]
[Black "Antolak, Julia"]
[Result "1-0"]
[WhiteElo "2115"]
[BlackElo "2313"]
[Annotator "TA"]
[PlyCount "71"]
[EventDate "2020.10.24"]
[EventType "swiss"]
[EventCountry "POR"]
[SourceTitle "playchess.com"]
[Source "ChessBase"]
[SourceQuality "1"]

{[%evp 16,71,61,51,88,54,57,14,18,18,21,17,37,35,25,-19,-16,-69,-73,-93,-29,-33,-34,-45,0,0,0,0,0,0,0,0,0,-3,-15,-35,479,476,841,814,1107,1108,1096,1091,1081,1081,1064,0,1062,1053,1034,1034,955,937,918,863,770,610]} 1. Nf3 Nf6 2. g3 g6 3. b3 Bg7 4. Bb2 d6 5. d4 O-O 6. Bg2 c6 7. O-O Qa5 8. Nbd2 Qh5 9. Re1 Bg4 {A49: 1 d4 Nf6 2 Nf3 g6 3 g3: Anti-King's Indian systems.} 10. e4 Nbd7 11. e5 dxe5 {The position is equal.} 12. dxe5 Nd5 13. a3 Rad8 {...Nxe5! is the strong threat.} 14. Qe2 $1 Nc7 {[#]} 15. Nc4 $146 ({Predecessor:} 15. Qf1 f5 16. h3 Bxf3 17. Nxf3 g5 18. Qe2 e6 19. Rad1 Rf7 20. c4 Bh6 21. Rd4 {0-1 (62) Trifunovic,M (2275)-Djeno,D Pula 1988}) 15... Ne6 16. Qe3 ({White should try} 16. h4 $11) 16... Bh6 $15 17. Qc3 {[#]} Nb6 (17... Ndc5 $1 $17) 18. Nxb6 $11 axb6 19. Rad1 Ng5 20. e6 {[%csl Gb2][%cal Rc3h8]} f6 21. Rxd8 Nxf3+ 22. Bxf3 Rxd8 23. Bxg4 Qxg4 24. h3 $132 {[%mdl 2048] White is not keeping still} Qf5 {And now ...Bd2 would win.} 25. Qb4 Rd2 $2 {[%mdl 8192]} (25... c5 $1 $15 {keeps the upper hand.} 26. Qc4 Kg7) 26. Bd4 $18 c5 {[#]} (26... Kf8 $142) 27. Qa4 $1 {[%cal Ra4e8] Threatening mate with Qe8+.} cxd4 28. Qe8+ {[%mdl 64] Double Attack} Kg7 29. Qxe7+ Kh8 30. Qe8+ Kg7 31. Qf7+ Kh8 32. Rf1 {White is clearly winning.} Re2 33. Qe8+ Kg7 34. e7 Rxe7 35. Qxe7+ {[%mdl 64] Double Attack} Kg8 36. Qd8+ {Av CentiPawn Loss W=-19/B=-76. Weighted=-23/-57} 1-0

[Event "XIV Figueira da Foz Open 2020"]
[Site "Figueira da Foz"]
[Date "2020.10.25"]
[Round "2.10"]
[White "Navarro Martinez, Victor"]
[Black "Martin Duque, Jesus"]
[Result "0-1"]
[WhiteElo "1732"]
[BlackElo "2426"]
[Annotator "RC"]
[PlyCount "53"]
[EventDate "2020.10.24"]
[EventType "swiss"]
[EventCountry "POR"]
[SourceTitle "playchess.com"]
[Source "ChessBase"]
[SourceQuality "1"]
[TimeControl "40/5400+30:1800+30"]

1. e4 {[%emt 0:00:00]} c5 {[%emt 0:05:06]} 2. Nf3 {[%emt 0:00:00]} Nc6 {[%emt 0:00:05]} 3. d4 {[%emt 0:00:00]} cxd4 {[%emt 0:00:06]} 4. Nxd4 {[%emt 0:00:05]} e6 {[%emt 0:00:04]} 5. c4 {[%emt 0:08:06]} Nf6 {[%emt 0:00:07]} 6. Nc3 {[%emt 0:04:24]} Bb4 {[%emt 0:00:12]} 7. Nxc6 {[%emt 0:04:42]} bxc6 {[%emt 0:00:05]} 8. e5 {[%emt 0:03:43]} Ne4 {[%emt 0:04:55]} 9. Qd4 {[%emt 0:02:55]} Qa5 {[%emt 0:01:42]} 10. Bd2 {[%emt 0:03:09]} Nxd2 {[%emt 0:00:37]} 11. Kxd2 {[%emt 0:00:40]} O-O {[%emt 0:01:19]} 12. Bd3 {[%emt 0:01:27]} f6 {[%emt 0:09:46]} 13. Qh4 {[%emt 0:25:41]} f5 {[%emt 0:02:12]} 14. Rhe1 {[%emt 0:01:34]} Rb8 {[%emt 0:00:23]} 15. Bc2 {[%emt 0:04:16]} d6 {[%emt 0:01:53]} 16. f4 {[%emt 0:08:12]} dxe5 {[%emt 0:03:03]} 17. Rxe5 {[%emt 0:00:46]} Qd8+ {[%emt 0:00:33]} 18. Qxd8 {[%emt 0:00:17]} Rxd8+ {[%emt 0:00:03]} 19. Ke3 {[%emt 0:01:24]} Bd6 {[%emt 0:03:00]} 20. Rd1 {[%emt 0:01:21]} Rxb2 {[%emt 0:00:37]} 21. Ba4 {[%emt 0:01:16]} Bc7 {[%emt 0:02:18]} 22. Rxd8+ {[%emt 0:01:21]} Bxd8 {[%emt 0:00:01]} 23. Nd1 {[%emt 0:03:44]} Rxg2 {[%emt 0:03:29]} 24. Bxc6 {[%emt 0:00:18]} Rxa2 {[%emt 0:00:17]} 25. Nf2 {[%emt 0:01:28]} Bc7 {[%emt 0:01:18]} 26. Rb5 {[%emt 0:00:16]} Ba6 {[%emt 0:00:04]} 27. Kd4 0-1

[Event "XIV Figueira da Foz Open 2020"]
[Site "Figueira da Foz"]
[Date "2020.10.25"]
[Round "2.11"]
[White "Torres Dominguez, David"]
[Black "Pipiras, Filipa Fortuna"]
[Result "1/2-1/2"]
[WhiteElo "2029"]
[BlackElo "1912"]
[Annotator "TA"]
[PlyCount "53"]
[EventDate "2020.10.24"]
[EventType "swiss"]
[EventCountry "POR"]
[SourceTitle "playchess.com"]
[Source "ChessBase"]
[SourceQuality "1"]

{[%evp 16,53,2,0,16,0,5,0,0,0,0,-10,30,38,45,8,21,3,0,-11,0,0,0,-16,-10,-13,0,0,33,0,1,0,0,0,0,-25,-26,-34,-34,-111]} 1. e4 c5 2. Nf3 e6 3. d4 cxd4 4. Nxd4 Nf6 5. Nc3 Nc6 6. Nxc6 bxc6 7. Bd3 d5 8. O-O Be7 9. Re1 d4 {B40: Sicilian: 2...e6, Unusual lines.} 10. Nb1 {[%cal Bc3b1,Bb1d2,Bd2c4][%mdl 32]} e5 11. Nd2 O-O {The position is equal.} 12. Nc4 Qc7 {[#]} 13. Bg5 $146 ({Predecessor:} 13. Bd2 Be6 14. c3 Rfd8 15. Qc2 Bc5 16. b4 dxc3 17. Bxc3 Bxc4 18. Bxc4 Bd4 19. Rad1 Bxc3 20. Rxd8+ Rxd8 21. Qxc3 {½-½ (58) Tomiello,M (1954)-Borges,G (2182) Florianopolis 2018}) 13... Ne8 14. Bd2 Be6 15. Qe2 f6 16. Rad1 Nd6 17. f4 Nxc4 18. Bxc4 Bf7 19. Bxf7+ Rxf7 20. fxe5 fxe5 21. Qc4 Bf6 22. b3 Re8 23. Rf1 Qd7 24. Rf5 Qe6 25. Qa6 c5 26. Qb5 Rc8 27. c4 {Av CentiPawn Loss W=-13/B=-7. Weighted=-15/-7} ({White should play} 27. c3 $15) 1/2-1/2

[Event "XIV Figueira da Foz Open 2020"]
[Site "Figueira da Foz"]
[Date "2020.10.25"]
[Round "2.12"]
[White "Alshameary Puente, Ismael"]
[Black "Loeffler, Stefan"]
[Result "0-1"]
[WhiteElo "2373"]
[BlackElo "2352"]
[Annotator "TA"]
[PlyCount "56"]
[EventDate "2020.10.24"]
[EventType "swiss"]
[EventCountry "POR"]
[SourceTitle "playchess.com"]
[Source "ChessBase"]
[SourceQuality "1"]

{[%evp 12,56,10,0,29,27,46,39,39,34,42,33,28,21,43,-29,-26,-29,-32,-29,-23,-40,-37,-43,-47,-127,-137,-156,-154,-141,-137,-355,-355,-330,-305,-314,-193,-538,-532,-1257,-1147,-2168,-2043,-29981,-2356,-29990,-29991]} 1. d4 d5 2. c4 e6 3. Nc3 Bb4 4. e3 c5 5. a3 Bxc3+ 6. bxc3 Nf6 {6...Nf6 is better than 6...Nc6.} 7. cxd5 Qxd5 {E26: Nimzo-Indian: Sämisch: 5...c5 6 e3.} 8. Nf3 Nbd7 9. c4 Qd6 {White is slightly better.} 10. Bb2 b6 {[#]} 11. Bd3 $146 ({Predecessor:} 11. Be2 Bb7 12. h3 O-O 13. O-O Rfd8 14. a4 Ne4 15. Qb3 Ndf6 16. Rfd1 Nxf2 17. Kxf2 Ne4+ 18. Kg1 Qg3 19. Rf1 Ng5 {½-½ (19) Soyer,J (2092)-Grandi,P (1862) Cholet 2009}) 11... Bb7 12. O-O Rd8 13. d5 (13. Qe2 $14) 13... exd5 $11 14. cxd5 Qxd5 ({Much worse is} 14... Bxd5 $6 15. e4 $1 $16 {[%mdl 512]}) 15. e4 Qc6 16. e5 Ne4 17. Qc1 {Strongly threatening Re1.} Nf8 {[%cal Bd7f8,Bf8e6,Be6f4,Bf4h3,Bh3g5,Bg5f3][%mdl 32]} 18. Qe3 ({Better is} 18. Rd1 $1 $15) 18... Ne6 $17 19. Rfe1 {[%cal Rd3e4]} Rxd3 20. Qxd3 {[#]} Nf4 $1 $36 {[%cal Rf4d3][%mdl 2048] Black is in control.} 21. Qc4 $2 {[#] White does not recover from this.} (21. Qxe4 $17 Qxe4 22. Rxe4 Bxe4 23. Ne1) 21... Qg6 $1 $19 {[%csl Gf4][%cal Rg6g2][%mdl 512]} 22. g3 Nh3+ 23. Kf1 Nhg5 ({Stronger than} 23... Nexf2 24. e6 $11) 24. Qa4+ $2 (24. e6 Nxf3 25. Qa4+ Kf8 26. Re3 Qxe6 27. Rd1) 24... Bc6 25. Qxa7 {Black must now prevent Qb8+.} Nxf3 26. Qb8+ {[#]} Kd7 $1 {( -> ...Ned2+)} 27. Qa7+ {[#]} Kc8 $1 28. Red1 Ned2+ {Av CentiPawn Loss W=-213/B=-66. Weighted=-137/-34} 0-1